000 00308nam a2200133Ia 4500
005 20260326235441.0
008 260326s9999||||xx |||||||||||||| ||und||
100 _aBlackwell, Lewis
245 0 _aOficinas /
_cLewis Blackwell
260 _bGustavo Gili
300 _a150 p.
650 _aOFICINAS
942 _cBK
999 _c7411
_d7411